[Event "32. Open Villa de Benasque 2012"]
[Site "Benasque ESP"]
[Date "2012.07.10"]
[Round "6.7"]
[White "Camarena Gimenez, Rufino"]
[Black "Sanikidze, Tornike"]
[Result "0-1"]
[WhiteElo "2390"]
[BlackElo "2596"]
[PlyCount "64"]
[EventDate "2012.07.05"]
[EventType "swiss"]
[EventRounds "10"]
[EventCountry "ESP"]
[Source "lmi"]
[SourceDate "2012.07.05"]

1. d4 d5 2. c4 e6 3. Nc3 Bb4 4. cxd5 exd5 5. Nf3 Nf6 6. Qa4+ Nc6 7. Bg5 h6 8.
Bxf6 Qxf6 9. e3 O-O 10. Be2 Be6 11. O-O a6 12. a3 Bd6 13. b4 Ne7 14. Qc2 Bf5
15. Qb3 c6 16. a4 g5 17. b5 a5 18. Nd2 Qg6 19. Rfe1 h5 20. Bf1 h4 21. e4 Be6
22. Qb2 g4 23. g3 hxg3 24. hxg3 Kg7 25. Bg2 Rh8 26. Nf1 Rh5 27. Ne3 Rah8 28.
Rac1 Qf6 29. Ne2 dxe4 30. Kf1 Nd5 31. Nc4 e3 32. Ng1 exf2 0-1

[Event "32. Open Villa de Benasque 2012"]
[Site "Benasque ESP"]
[Date "2012.07.10"]
[Round "6.8"]
[White "Shanava, Konstantine"]
[Black "Baches Garcia, Guillermo"]
[Result "1-0"]
[WhiteElo "2578"]
[BlackElo "2389"]
[PlyCount "95"]
[EventDate "2012.07.05"]
[EventType "swiss"]
[EventRounds "10"]
[EventCountry "ESP"]
[Source "lmi"]
[SourceDate "2012.07.05"]

1. e4 c5 2. Nf3 d6 3. d4 cxd4 4. Nxd4 Nf6 5. Nc3 Nc6 6. Bc4 Bd7 7. O-O g6 8.
Nxc6 Bxc6 9. Bg5 Bg7 10. Nd5 Bxd5 11. exd5 O-O 12. Qe2 h6 13. Be3 a6 14. a4 Nd7
15. c3 Rc8 16. a5 Qc7 17. Bb3 Kh7 18. Rfe1 Bf6 19. Bc2 Kg7 20. Ra4 h5 21. Rd1
Rfe8 22. h3 Rh8 23. Bb1 Qd8 24. Rb4 Qc7 25. g3 Rb8 26. Ra4 Rbc8 27. Bc2 Qd8 28.
Kg2 Qc7 29. f4 Kf8 30. Bf2 Qd8 31. Qf3 Rb8 32. Rda1 Rc8 33. Re4 Rc7 34. Rae1
Qc8 35. Qe2 Qd8 36. Qd2 Rc8 37. c4 Qc7 38. b4 Qd8 39. Bd3 Kg7 40. R1e2 Rc7 41.
Qe1 Qb8 42. Rxe7 Bxe7 43. Rxe7 Kf8 44. Bd4 Rg8 45. c5 dxc5 46. d6 cxd4 47.
Rxf7+ Kxf7 48. Qe7# 1-0

[Event "32. Open Villa de Benasque 2012"]
[Site "Benasque ESP"]
[Date "2012.07.10"]
[Round "6.9"]
[White "Cori T, Deysi"]
[Black "Stocek, Jiri"]
[Result "0-1"]
[WhiteElo "2386"]
[BlackElo "2573"]
[PlyCount "98"]
[EventDate "2012.07.05"]
[EventType "swiss"]
[EventRounds "10"]
[EventCountry "ESP"]
[Source "lmi"]
[SourceDate "2012.07.05"]

1. d4 Nf6 2. Nf3 g6 3. c4 Bg7 4. g3 c5 5. d5 d6 6. Bg2 O-O 7. O-O e6 8. Nc3
exd5 9. cxd5 Re8 10. Bf4 Na6 11. Nd2 Nh5 12. Be3 Nc7 13. a4 b6 14. Re1 Rxe3 15.
fxe3 Nf6 16. Nc4 Ba6 17. Qb3 Bxc4 18. Qxc4 a5 19. Qf4 Qe7 20. Ra3 h5 21. Rb3
Rb8 22. h3 Nd7 23. Rd1 Be5 24. Qf3 Re8 25. Kh1 Bg7 26. Ne4 c4 27. Rc3 b5 28.
axb5 Nxb5 29. Rc2 a4 30. Qf2 f5 31. Nd2 c3 32. bxc3 Qxe3 33. Qxe3 Rxe3 34. c4
Nc3 35. Ra1 Nc5 36. Ra3 Rxe2 37. Bf3 Rf2 38. g4 Nb1 39. Raa2 Nxd2 40. Bg2 Bh6
41. gxh5 gxh5 42. Rcb2 Re2 43. Rb8+ Kf7 44. Bf3 Re1+ 45. Kg2 Be3 46. Bxh5+ Kf6
47. h4 Rg1+ 48. Kh3 Nf1 49. Rf8+ Ke5 0-1

[Event "32. Open Villa de Benasque 2012"]
[Site "Benasque ESP"]
[Date "2012.07.10"]
[Round "6.10"]
[White "Vazquez Igarza, Renier"]
[Black "Mascaro March, Pedro"]
[Result "1-0"]
[WhiteElo "2554"]
[BlackElo "2373"]
[PlyCount "48"]
[EventDate "2012.07.05"]
[EventType "swiss"]
[EventRounds "10"]
[EventCountry "ESP"]
[Source "lmi"]
[SourceDate "2012.07.05"]

1. Nf3 Nf6 2. c4 e6 3. Nc3 d5 4. d4 Be7 5. Bg5 O-O 6. e3 Nbd7 7. Rc1 c6 8. Bd3
dxc4 9. Bxc4 Nd5 10. Bxe7 Qxe7 11. Ne4 N5f6 12. Ng3 b6 13. O-O Bb7 14. e4 Rfd8
15. Re1 Qf8 16. e5 Ne8 17. Qc2 Qe7 18. Nf5 Qf8 19. Ng5 g6 20. Nxf7 Kxf7 21.
Bxe6+ Kxe6 22. Qb3+ Kxf5 23. Qh3+ Kg5 24. Re4 h5 1-0

[Event "32. Open Villa de Benasque 2012"]
[Site "Benasque ESP"]
[Date "2012.07.11"]
[Round "7.3"]
[White "Marin, Mihail"]
[Black "Margvelashvili, Giorgi"]
[Result "0-1"]
[WhiteElo "2548"]
[BlackElo "2552"]
[PlyCount "62"]
[EventDate "2012.07.05"]
[EventType "swiss"]
[EventRounds "10"]
[EventCountry "ESP"]
[Source "lmi"]
[SourceDate "2012.07.05"]

1. d4 Nf6 2. Nf3 c5 3. e3 g6 4. dxc5 Qa5+ 5. Nbd2 Bg7 6. a3 Qxc5 7. b4 Qc7 8.
Bb2 O-O 9. c4 a5 10. Be2 Nc6 11. Qb3 axb4 12. axb4 Rxa1+ 13. Bxa1 b6 14. O-O
Bb7 15. Rc1 Ra8 16. Bc3 d6 17. Qb2 Nh5 18. Nb1 e5 19. Nfd2 Nf6 20. Na3 d5 21.
Nf3 d4 22. exd4 exd4 23. Nxd4 Ne4 24. Ndb5 Qf4 25. Bf3 Nxc3 26. Nxc3 Be5 27.
Nab5 Qxh2+ 28. Kf1 Re8 29. g3 Bc8 30. g4 Bxg4 31. Bxg4 Bxc3 0-1

[Event "32. Open Villa de Benasque 2012"]
[Site "Benasque ESP"]
[Date "2012.07.11"]
[Round "7.5"]
[White "Hracek, Zbynek"]
[Black "Burg, Twan"]
[Result "1-0"]
[WhiteElo "2624"]
[BlackElo "2470"]
[PlyCount "37"]
[EventDate "2012.07.05"]
[EventType "swiss"]
[EventRounds "10"]
[EventCountry "ESP"]
[Source "lmi"]
[SourceDate "2012.07.05"]

1. c4 Nf6 2. Nf3 c6 3. Nc3 d5 4. e3 Nbd7 5. d4 e6 6. Qc2 g6 7. Be2 Bg7 8. O-O
O-O 9. Rd1 Re8 10. b4 a5 11. b5 c5 12. dxc5 Nxc5 13. Bb2 b6 14. cxd5 exd5 15.
Nd4 Bb7 16. Nc6 Bxc6 17. bxc6 Re6 18. Bf3 Rd6 19. Nb5 1-0

[Event "32. Open Villa de Benasque 2012"]
[Site "Benasque ESP"]
[Date "2012.07.11"]
[Round "7.6"]
[White "Sanikidze, Tornike"]
[Black "Garza Marco, Sergio"]
[Result "0-1"]
[WhiteElo "2596"]
[BlackElo "2410"]
[PlyCount "100"]
[EventDate "2012.07.05"]
[EventType "swiss"]
[EventRounds "10"]
[EventCountry "ESP"]
[Source "lmi"]
[SourceDate "2012.07.05"]

1. d4 d5 2. Nf3 Nf6 3. c4 c6 4. Qc2 dxc4 5. Qxc4 Bf5 6. g3 e6 7. Bg2 Nbd7 8.
O-O Be7 9. Nc3 O-O 10. e3 b5 11. Qe2 b4 12. Na4 Qa5 13. b3 Qb5 14. Qd1 Be4 15.
Bb2 Nb6 16. Ne5 Bxg2 17. Kxg2 Rfc8 18. Kg1 Qd5 19. Qe2 Nxa4 20. bxa4 c5 21.
dxc5 Rxc5 22. Bd4 Rc7 23. Rfc1 Rac8 24. Rxc7 Rxc7 25. Qb5 Qa8 26. Qa5 Qb7 27.
Qb5 Qc8 28. a5 Ne4 29. a6 Nc3 30. Qd3 Bf6 31. Nf3 Qd8 32. Qc2 Qd5 33. Bxf6 Qxf3
34. Bxc3 bxc3 35. Rb1 g6 36. Rb7 Rc8 37. Rd7 h5 38. Rd3 Qc6 39. a3 Qc4 40. Rd6
Qc5 41. Rd7 Qxa3 42. Rb7 Qxa6 43. Rb1 Qc4 44. Ra1 a6 45. h4 Kg7 46. Ra4 Qb5 47.
Ra2 a5 48. Kh2 Kg8 49. Qe4 Qd5 50. Qa4 Qxa2 0-1

[Event "32. Open Villa de Benasque 2012"]
[Site "Benasque ESP"]
[Date "2012.07.11"]
[Round "7.7"]
[White "Gomez Esteban, Juan Mario"]
[Black "Burmakin, Vladimir"]
[Result "1/2-1/2"]
[WhiteElo "2462"]
[BlackElo "2590"]
[PlyCount "42"]
[EventDate "2012.07.05"]
[EventType "swiss"]
[EventRounds "10"]
[EventCountry "ESP"]
[Source "lmi"]
[SourceDate "2012.07.05"]

1. e4 c6 2. d4 d5 3. Nd2 g6 4. Ngf3 Bg7 5. Bd3 Nh6 6. O-O O-O 7. c3 f6 8. c4
Na6 9. Re1 Nf7 10. cxd5 cxd5 11. exd5 Nc7 12. Ne4 b6 13. Bc4 Nxd5 14. Qb3 e6
15. Nc3 Nc7 16. Bf4 Nd6 17. Bxd6 Qxd6 18. Nb5 Nxb5 19. Bxe6+ Kh8 20. Bxc8 Nxd4
21. Nxd4 Qxd4 1/2-1/2

[Event "32. Open Villa de Benasque 2012"]
[Site "Benasque ESP"]
[Date "2012.07.11"]
[Round "7.8"]
[White "Anton Guijarro, David"]
[Black "Shanava, Konstantine"]
[Result "1-0"]
[WhiteElo "2490"]
[BlackElo "2578"]
[PlyCount "77"]
[EventDate "2012.07.05"]
[EventType "swiss"]
[EventRounds "10"]
[EventCountry "ESP"]
[Source "lmi"]
[SourceDate "2012.07.05"]

1. e4 g6 2. d4 Bg7 3. Nc3 d6 4. Bg5 c6 5. Qd2 Qa5 6. h4 h6 7. Be3 Nf6 8. Be2 b5
9. Bf3 e5 10. dxe5 dxe5 11. Qd6 Be6 12. b4 Qd8 13. Qxd8+ Kxd8 14. a4 Bf8 15.
axb5 Bxb4 16. Nge2 cxb5 17. O-O Bc4 18. Rfb1 Bxe2 19. Rxb4 Nc6 20. Rbb1 Bxf3
21. gxf3 Nd4 22. Bxd4 exd4 23. Nxb5 a6 24. Na7 Ke7 25. Rxa6 Nh5 26. Rb7+ Kf8
27. Rd6 Kg7 28. e5 Rhb8 29. Rc7 Rb1+ 30. Kh2 Rf1 31. Kg2 Re1 32. Rdd7 Rf8 33.
Nc6 Nf4+ 34. Kg3 Ne2+ 35. Kh2 Rf1 36. Nd8 Rxf2+ 37. Kh1 d3 38. Nxf7 Ra8 39.
Ng5+ 1-0

[Event "32. Open Villa de Benasque 2012"]
[Site "Benasque ESP"]
[Date "2012.07.11"]
[Round "7.10"]
[White "Cori, Jorge"]
[Black "Vazquez Igarza, Renier"]
[Result "0-1"]
[WhiteElo "2479"]
[BlackElo "2554"]
[PlyCount "90"]
[EventDate "2012.07.05"]
[EventType "swiss"]
[EventRounds "10"]
[EventCountry "ESP"]
[Source "lmi"]
[SourceDate "2012.07.05"]

1. d4 Nf6 2. Nf3 e6 3. e3 b6 4. Bd3 Bb7 5. O-O c5 6. b3 Be7 7. Bb2 O-O 8. Nbd2
d6 9. Qe2 Nbd7 10. c4 Qc7 11. Rac1 Rfe8 12. a3 Bf8 13. Bb1 g6 14. Rfd1 Bg7 15.
b4 Rad8 16. Nb3 cxd4 17. Nfxd4 a6 18. a4 e5 19. Nf3 Bc6 20. b5 Bb7 21. a5 Nc5
22. Nxc5 Qxc5 23. Nd2 bxa5 24. Nb3 Qb4 25. Ba2 Ne4 26. Qe1 axb5 27. f3 bxc4 28.
Qxb4 axb4 29. Rxc4 Nc3 30. Bxc3 bxc3 31. Na5 Ra8 32. Rc7 Rf8 33. Nxb7 Rxa2 34.
Rxc3 Rb8 35. Rc7 Bh6 36. f4 exf4 37. e4 f3 38. gxf3 Be3+ 39. Kh1 Bf4 40. h4 Ra7
41. Rb1 d5 42. Rd7 d4 43. Kg2 Ra2+ 44. Kf1 Be3 45. Ke1 Rf2 0-1

[Event "32. Open Villa de Benasque 2012"]
[Site "Benasque ESP"]
[Date "2012.07.12"]
[Round "8.1"]
[White "Margvelashvili, Giorgi"]
[Black "Zoler, Dan"]
[Result "0-1"]
[WhiteElo "2552"]
[BlackElo "2527"]
[PlyCount "118"]
[EventDate "2012.07.05"]
[EventType "swiss"]
[EventRounds "10"]
[EventCountry "ESP"]
[Source "lmi"]
[SourceDate "2012.07.05"]

1. d4 Nf6 2. Nf3 e6 3. c4 Bb4+ 4. Nbd2 b6 5. a3 Bxd2+ 6. Bxd2 Bb7 7. g3 O-O 8.
Bg2 d6 9. O-O Nbd7 10. Rc1 Qe7 11. b4 c5 12. Bc3 Be4 13. Qd2 Rac8 14. dxc5 bxc5
15. Rfd1 d5 16. bxc5 Nxc5 17. Qe3 Rfe8 18. Bb4 a5 19. Bxc5 Rxc5 20. cxd5 Rxc1
21. Rxc1 Bxd5 22. Ne5 h6 23. Qc5 Qb7 24. Bf1 a4 25. f3 Qb2 26. Nd3 Qb8 27. Qc7
Qb3 28. Rc3 Qd1 29. Qa7 Qd2 30. Rc7 Ra8 31. Qc5 Ne8 32. Re7 Nf6 33. Ne5 Rf8 34.
Ra7 Bb3 35. Nc6 Bd1 36. Kf2 Re8 37. Qd4 Qc1 38. Ne5 Rf8 39. Qd6 Nd5 40. Nc6
Qe3+ 41. Ke1 Qc3+ 42. Kf2 Qe3+ 43. Kg2 g5 44. Qe5 Qxa3 45. h4 Qc1 46. hxg5 Qxc6
47. gxh6 Qc3 48. Qg5+ Kh8 49. Kh2 Qf6 50. Qd2 Bb3 51. e4 Ne7 52. Kg2 Ng6 53.
Qb4 Qg5 54. Bb5 Qxh6 55. Bxa4 Bxa4 56. Rxa4 Rd8 57. Qb2+ e5 58. f4 Nxf4+ 59.
gxf4 Rg8+ 0-1

[Event "32. Open Villa de Benasque 2012"]
[Site "Benasque ESP"]
[Date "2012.07.12"]
[Round "8.4"]
[White "Vazquez Igarza, Renier"]
[Black "Hracek, Zbynek"]
[Result "1/2-1/2"]
[WhiteElo "2554"]
[BlackElo "2624"]
[PlyCount "68"]
[EventDate "2012.07.05"]
[EventType "swiss"]
[EventRounds "10"]
[EventCountry "ESP"]
[Source "lmi"]
[SourceDate "2012.07.05"]

1. d4 Nf6 2. c4 e6 3. Nf3 d5 4. Nc3 Bb4 5. cxd5 exd5 6. Bg5 h6 7. Bh4 c5 8.
dxc5 Nbd7 9. Rc1 Qa5 10. Qd4 g5 11. Bg3 Qxc5 12. a3 Qxd4 13. Nxd4 Bxc3+ 14.
Rxc3 Ne4 15. Rc1 Nxg3 16. hxg3 Nf6 17. e3 Bd7 18. Bd3 Ke7 19. Rc7 Rab8 20. Ke2
Kd6 21. Rhc1 Ne8 22. R7c5 Ng7 23. b4 a6 24. e4 dxe4 25. Bxe4 Rhc8 26. Ke3 f5
27. Bf3 b6 28. Rd5+ Ke7 29. Re1 Rd8 30. Kd2+ Kf7 31. Rc1 Ba4 32. Rc7+ Kf6 33.
Rxd8 Rxd8 34. Kc3 Rxd4 1/2-1/2

[Event "32. Open Villa de Benasque 2012"]
[Site "Benasque ESP"]
[Date "2012.07.12"]
[Round "8.6"]
[White "Naumkin, Igor"]
[Black "Sandipan, Chanda"]
[Result "1/2-1/2"]
[WhiteElo "2463"]
[BlackElo "2618"]
[PlyCount "107"]
[EventDate "2012.07.05"]
[EventType "swiss"]
[EventRounds "10"]
[EventCountry "ESP"]
[Source "lmi"]
[SourceDate "2012.07.05"]

1. d4 Nf6 2. Nf3 e6 3. c4 Bb4+ 4. Nbd2 O-O 5. g3 d5 6. Qc2 b6 7. Bg2 Bb7 8. O-O
Re8 9. b3 Nbd7 10. Bb2 c5 11. Rad1 Rc8 12. Qb1 Qc7 13. dxc5 bxc5 14. e3 Ba6 15.
a3 Bxd2 16. Nxd2 dxc4 17. Nxc4 Bxc4 18. bxc4 Nb6 19. Qc2 Red8 20. Bf3 Ne8 21.
Ba1 Rxd1 22. Rxd1 Rd8 23. Rxd8 Qxd8 24. h4 Nd6 25. Be2 Qd7 26. Qc3 f6 27. h5 e5
28. Qa5 Ne4 29. Qb5 Qxb5 30. cxb5 Kf7 31. Bd3 Nd6 32. Bxh7 Nxb5 33. f4 exf4 34.
exf4 Nxa3 35. Kf2 Nb5 36. g4 c4 37. g5 Nd5 38. Kf3 c3 39. Bd3 a6 40. Ke4 Nb6
41. Bc2 Kf8 42. Bd3 Na4 43. Bc2 Nb2 44. Kd5 Ke7 45. Kc5 Na3 46. Kd4 Nxc2+ 47.
Kxc3 Ne3 48. Bxb2 Nd5+ 49. Kc4 Nxf4 50. gxf6+ gxf6 51. h6 Ng6 52. Kb4 Kf7 53.
Bxf6 Kxf6 54. Ka5 1/2-1/2

[Event "32. Open Villa de Benasque 2012"]
[Site "Benasque ESP"]
[Date "2012.07.12"]
[Round "8.7"]
[White "Burmakin, Vladimir"]
[Black "Roeder, Matthias"]
[Result "1-0"]
[WhiteElo "2590"]
[BlackElo "2434"]
[PlyCount "93"]
[EventDate "2012.07.05"]
[EventType "swiss"]
[EventRounds "10"]
[EventCountry "ESP"]
[Source "lmi"]
[SourceDate "2012.07.05"]

1. d4 Nf6 2. Nf3 g6 3. g3 Bg7 4. Bg2 O-O 5. b3 d6 6. Bb2 c6 7. O-O Qa5 8. Re1
Qh5 9. e4 Bh3 10. e5 Ng4 11. Nh4 Bxg2 12. Kxg2 g5 13. h3 Ne3+ 14. fxe3 Qxd1 15.
Rxd1 gxh4 16. g4 Nd7 17. exd6 exd6 18. e4 Rfe8 19. Re1 c5 20. Na3 Nf6 21. e5
dxe5 22. dxe5 Nd7 23. Nc4 b5 24. Nd6 Re6 25. Nxb5 Bxe5 26. Bxe5 Rxe5 27. Rxe5
Nxe5 28. Rd1 Ng6 29. Kf3 a5 30. Rd5 Re8 31. Nd6 Re1 32. Rxc5 h6 33. Nf5 a4 34.
bxa4 Rh1 35. Kg2 Ra1 36. Nxh6+ Kg7 37. g5 Nf4+ 38. Kf3 Ne6 39. Nf5+ Kh7 40. Rc4
Rf1+ 41. Kg4 Rg1+ 42. Kxh4 Nxg5 43. Rg4 Nf3+ 44. Kh5 Rh1 45. Rg7+ Kh8 46. Rxf7
Rxh3+ 47. Kg4 1-0

[Event "32. Open Villa de Benasque 2012"]
[Site "Benasque ESP"]
[Date "2012.07.12"]
[Round "8.8"]
[White "Nabaty, Tamir"]
[Black "Gomez Esteban, Juan Mario"]
[Result "1-0"]
[WhiteElo "2582"]
[BlackElo "2462"]
[PlyCount "55"]
[EventDate "2012.07.05"]
[EventType "swiss"]
[EventRounds "10"]
[EventCountry "ESP"]
[Source "lmi"]
[SourceDate "2012.07.05"]

1. d4 Nf6 2. Nc3 d5 3. Bf4 Bf5 4. f3 e6 5. g4 Bg6 6. h4 h6 7. e3 Bd6 8. Nh3 Nc6
9. Qd2 e5 10. dxe5 Nxe5 11. Bxe5 Bxe5 12. O-O-O c6 13. Nf4 Qa5 14. Nxg6 fxg6
15. Bd3 O-O-O 16. Bxg6 Kb8 17. Rhe1 Rd6 18. Bd3 c5 19. a3 Rb6 20. g5 c4 21. Bf1
hxg5 22. hxg5 Rxb2 23. Kxb2 b5 24. Rb1 Kc7 25. gxf6 b4 26. axb4 Rb8 27. Kc1
Qa3+ 28. Kd1 1-0

[Event "32. Open Villa de Benasque 2012"]
[Site "Benasque ESP"]
[Date "2012.07.12"]
[Round "8.9"]
[White "Rubio Mejia, Luis Ignacio"]
[Black "Marin, Mihail"]
[Result "1/2-1/2"]
[WhiteElo "2428"]
[BlackElo "2548"]
[PlyCount "148"]
[EventDate "2012.07.05"]
[EventType "swiss"]
[EventRounds "10"]
[EventCountry "ESP"]
[Source "lmi"]
[SourceDate "2012.07.05"]

1. d4 e6 2. c4 Nf6 3. Nf3 b6 4. g3 Bb4+ 5. Bd2 Bxd2+ 6. Qxd2 Bb7 7. Bg2 O-O 8.
O-O d6 9. Nc3 Ne4 10. Nxe4 Bxe4 11. Ne1 Bxg2 12. Nxg2 Nc6 13. d5 Ne5 14. b3 Re8
15. Nf4 Qf6 16. Rad1 a5 17. Qc2 Ng6 18. Nxg6 hxg6 19. dxe6 Rxe6 20. e3 Rae8 21.
Rd4 g5 22. Rfd1 g6 23. Qe2 Re4 24. Qc2 Qf3 25. Rxe4 Rxe4 26. Rd5 g4 27. Qd1
Qxd1+ 28. Rxd1 f5 29. Kg2 Kf7 30. h3 gxh3+ 31. Kxh3 a4 32. Kg2 Ke6 33. Kf3 b5
34. cxb5 axb3 35. axb3 Rb4 36. Rc1 Kd7 37. Rc3 g5 38. Rd3 g4+ 39. Ke2 Rxb5 40.
f3 gxf3+ 41. Kxf3 Rb4 42. Rc3 c5 43. Rd3 Ke6 44. Rc3 Kd5 45. Rd3+ Ke5 46. Rc3
Rb8 47. Rd3 Rb6 48. Rc3 Rb4 49. Rd3 d5 50. Rc3 Kd6 51. Rd3 Kc6 52. Rc3 Rg4 53.
Rd3 Re4 54. Rd1 Rb4 55. Rd3 Rg4 56. Rd1 Re4 57. Rd2 Rb4 58. Rd3 c4 59. bxc4
dxc4 60. Rc3 Kc5 61. Kf4 Rb5 62. Rc1 Kb4 63. e4 fxe4 64. Kxe4 Rg5 65. Kf4 Rg8
66. g4 c3 67. g5 Kb3 68. Kf5 Kb2 69. Rg1 Rf8+ 70. Ke6 c2 71. Rg2 Kc3 72. Rxc2+
Kxc2 73. g6 Rg8 74. Kf7 Rxg6 1/2-1/2

[Event "32. Open Villa de Benasque 2012"]
[Site "Benasque ESP"]
[Date "2012.07.12"]
[Round "8.10"]
[White "Toledano Llinares, Juan A"]
[Black "De La Villa Garcia, Jesus Maria"]
[Result "1-0"]
[WhiteElo "2312"]
[BlackElo "2478"]
[PlyCount "119"]
[EventDate "2012.07.05"]
[EventType "swiss"]
[EventRounds "10"]
[EventCountry "ESP"]
[Source "lmi"]
[SourceDate "2012.07.05"]

1. f4 g6 2. e4 d5 3. Nc3 dxe4 4. Nxe4 Bg7 5. Nf3 Nf6 6. Nxf6+ Bxf6 7. g3 c5 8.
d3 Nc6 9. Bg2 O-O 10. O-O Be6 11. Ng5 Bd5 12. Ne4 Bg7 13. c3 e6 14. Be3 b6 15.
Qe2 Qd7 16. Rad1 Na5 17. b3 Rad8 18. d4 c4 19. b4 Nc6 20. Nd2 Ne7 21. Rc1 Nf5
22. Bf2 h5 23. h3 Bxg2 24. Kxg2 Qd5+ 25. Qf3 Nd6 26. a4 f5 27. Rfe1 Kf7 28. Re2
Bf6 29. Rce1 Rfe8 30. Re3 Re7 31. Qxd5 exd5 32. Rxe7+ Bxe7 33. Re5 Ne4 34. Nxe4
fxe4 35. f5 gxf5 36. Rxf5+ Kg6 37. g4 hxg4 38. hxg4 Bg5 39. Kf1 Rd7 40. Bg3 a6
41. Ke2 b5 42. a5 Bf6 43. Be5 Bg5 44. Rf8 Rf7 45. Rg8+ Kh6 46. Ra8 Bh4 47.
Rxa6+ Kg5 48. Bf6+ Kxg4 49. Bxh4 Kxh4 50. Rd6 Rf3 51. Rxd5 Rxc3 52. Rxb5 Ra3
53. Re5 Ra4 54. Ke3 Rxb4 55. Kxe4 Ra4 56. Rc5 c3 57. Ke5 Kg5 58. d5 c2 59. Rxc2
Rxa5 60. Rg2+ 1-0

[Event "32. Open Villa de Benasque 2012"]
[Site "Benasque ESP"]
[Date "2012.07.13"]
[Round "9.1"]
[White "Zoler, Dan"]
[Black "Harikrishna, P."]
[Result "1/2-1/2"]
[WhiteElo "2527"]
[BlackElo "2684"]
[PlyCount "118"]
[EventDate "2012.07.05"]
[EventType "swiss"]
[EventRounds "10"]
[EventCountry "ESP"]
[Source "lmi"]
[SourceDate "2012.07.05"]

1. d4 d5 2. c4 dxc4 3. Nf3 Nf6 4. e3 e6 5. Bxc4 a6 6. a4 b6 7. O-O Bb7 8. Nbd2
c5 9. dxc5 Bxc5 10. Qe2 Nbd7 11. Nb3 Bd6 12. Nbd4 O-O 13. b3 Qe7 14. Bb2 Ng4
15. Bd3 g6 16. h3 Ngf6 17. Bc4 e5 18. Nc2 e4 19. Nd2 Ne5 20. Rfd1 Rfd8 21. Nd4
Nfd7 22. Nf1 Nxc4 23. bxc4 Ne5 24. a5 bxa5 25. Rxa5 Qc7 26. Ra4 Rac8 27. Ba1
Nd3 28. Rb1 Be5 29. Qa2 Rd7 30. Ne2 Bxa1 31. Qxa1 Qd8 32. Nf4 Qh4 33. g3 Qe7
34. Nd5 Bxd5 35. cxd5 Rxd5 36. Rxa6 Qe5 37. Ra8 Rdd8 38. Qxe5 Nxe5 39. Ra4 f5
40. Ra7 Rd7 41. Rxd7 Nxd7 42. g4 fxg4 43. hxg4 Ne5 44. Nd2 Nxg4 45. Nxe4 Re8
46. Rb4 Re7 47. Kg2 Kg7 48. Nd6 h5 49. Rb7 Rxb7 50. Nxb7 Kf6 51. Nc5 Kf5 52.
Nb3 Nf6 53. Nd4+ Ke5 54. Ne2 Nd5 55. Kg3 Ke4 56. Nd4 g5 57. Nf3 h4+ 58. Nxh4
gxh4+ 59. Kxh4 Kf3 1/2-1/2

[Event "32. Open Villa de Benasque 2012"]
[Site "Benasque ESP"]
[Date "2012.07.13"]
[Round "9.4"]
[White "Burmakin, Vladimir"]
[Black "Arribas Lopez, Angel"]
[Result "1-0"]
[WhiteElo "2590"]
[BlackElo "2463"]
[PlyCount "107"]
[EventDate "2012.07.05"]
[EventType "swiss"]
[EventRounds "10"]
[EventCountry "ESP"]
[Source "lmi"]
[SourceDate "2012.07.05"]

1. d4 Nf6 2. Nf3 g6 3. Bf4 Bg7 4. c3 O-O 5. h3 d6 6. e3 c5 7. Nbd2 cxd4 8. cxd4
Nc6 9. Bc4 Bf5 10. O-O Rc8 11. Qe2 Na5 12. Bd3 Bxd3 13. Qxd3 Nd5 14. Bg3 Qb6
15. Qe4 e6 16. Rab1 h6 17. a3 Rc6 18. Qd3 Rfc8 19. e4 Ne7 20. d5 exd5 21. exd5
R6c7 22. b4 Nc4 23. Ne4 g5 24. Nc5 Nb2 25. Rxb2 Bxb2 26. Na4 Qa6 27. Qxa6 bxa6
28. Bxd6 Rc1 29. Bxe7 Bxa3 30. Ne5 a5 31. Nc6 R1xc6 32. dxc6 Bxb4 33. Bxb4 axb4
34. Rb1 Rxc6 35. Rxb4 Kg7 36. Rb5 Ra6 37. Nc5 Ra1+ 38. Kh2 Kg6 39. g3 Ra2 40.
Kg2 Ra3 41. Ne4 Ra4 42. Nd6 h5 43. Rc5 Ra6 44. Nb5 Ra1 45. Rc6+ Kg7 46. Rc7 a5
47. Nd6 Kf6 48. Ra7 g4 49. h4 a4 50. Ra5 Ke6 51. Nc4 f5 52. Nb2 a3 53. Nc4 a2
54. Ne3 1-0

[Event "32. Open Villa de Benasque 2012"]
[Site "Benasque ESP"]
[Date "2012.07.13"]
[Round "9.5"]
[White "Anton Guijarro, David"]
[Black "Nabaty, Tamir"]
[Result "1/2-1/2"]
[WhiteElo "2490"]
[BlackElo "2582"]
[PlyCount "61"]
[EventDate "2012.07.05"]
[EventType "swiss"]
[EventRounds "10"]
[EventCountry "ESP"]
[Source "lmi"]
[SourceDate "2012.07.05"]

1. d4 Nf6 2. c4 g6 3. Nf3 Bg7 4. Nc3 d5 5. cxd5 Nxd5 6. Qb3 Nxc3 7. bxc3 c5 8.
e3 O-O 9. Be2 Nc6 10. O-O Na5 11. Qa3 cxd4 12. exd4 b6 13. Bg5 f6 14. Be3 Be6
15. Nd2 Qd6 16. Qxd6 exd6 17. Bf4 d5 18. Rfe1 Kf7 19. Ba6 Rad8 20. h4 Bc8 21.
Bb5 Bd7 22. a4 Rfe8 23. Rxe8 Bxe8 24. Nf1 Bxb5 25. axb5 Rc8 26. Ne3 Rxc3 27.
Bb8 f5 28. Bxa7 Bxd4 29. Bxb6 Bxb6 30. Nxd5 Rc5 31. Nxb6 1/2-1/2

[Event "32. Open Villa de Benasque 2012"]
[Site "Benasque ESP"]
[Date "2012.07.13"]
[Round "9.6"]
[White "Toledano Llinares, Juan A"]
[Black "Vazquez Igarza, Renier"]
[Result "0-1"]
[WhiteElo "2312"]
[BlackElo "2554"]
[PlyCount "76"]
[EventDate "2012.07.05"]
[EventType "swiss"]
[EventRounds "10"]
[EventCountry "ESP"]
[Source "lmi"]
[SourceDate "2012.07.05"]

1. f4 Nf6 2. e3 d5 3. Nf3 Bg4 4. h3 Bxf3 5. Qxf3 Nbd7 6. d4 c5 7. c3 g6 8. Bd3
Bg7 9. Nd2 e6 10. g4 Qc7 11. Nf1 h5 12. Rg1 O-O-O 13. Bd2 Ne8 14. f5 hxg4 15.
hxg4 e5 16. Qxd5 exd4 17. Qxf7 Ne5 18. Qxc7+ Kxc7 19. Be4 Nf6 20. Bh1 Nfxg4 21.
exd4 cxd4 22. Bf4 gxf5 23. O-O-O dxc3 24. bxc3 Rxd1+ 25. Kxd1 Rxh1 26. Rxh1
Nf2+ 27. Ke2 Nxh1 28. Ne3 Kd7 29. Nxf5 Bf6 30. Ne3 Ke6 31. Kf1 Nd3 32. Bb8 a6
33. Ng4 Bh4 34. Ke2 Nhf2 35. Nh2 Nc1+ 36. Ke3 Nh3 37. Nf3 Bf6 38. Nd4+ Kd5 0-1

[Event "32. Open Villa de Benasque 2012"]
[Site "Benasque ESP"]
[Date "2012.07.13"]
[Round "9.7"]
[White "Sandipan, Chanda"]
[Black "Baron, Tal"]
[Result "1-0"]
[WhiteElo "2618"]
[BlackElo "2452"]
[PlyCount "77"]
[EventDate "2012.07.05"]
[EventType "swiss"]
[EventRounds "10"]
[EventCountry "ESP"]
[Source "lmi"]
[SourceDate "2012.07.05"]

1. d4 Nf6 2. c4 g6 3. Nc3 d5 4. Nf3 Bg7 5. Qb3 dxc4 6. Qxc4 O-O 7. e4 Nc6 8.
Be2 e5 9. d5 Nd4 10. Nxd4 exd4 11. Qxd4 c6 12. Qd1 Re8 13. O-O Nxe4 14. Nxe4
Rxe4 15. dxc6 Rd4 16. Qb3 bxc6 17. Bc4 Qc7 18. Re1 Bf5 19. Bg5 Rd7 20. Bxf7+
Kh8 21. Be8 Rd3 22. Qc4 Rc8 23. Re7 Qd6 24. h3 Qd5 25. Qxd5 cxd5 26. Bb5 Rd4
27. Ba6 Rf8 28. Rc1 Re4 29. Rxe4 Bxe4 30. b4 h6 31. Be7 Rf7 32. Rc8+ Kh7 33.
Bc5 Bf6 34. f3 Bb1 35. a4 d4 36. Rc6 Bc2 37. Bc4 d3 38. Bxf7 Bd4+ 39. Kf1 1-0